| 000 | 00548nam a2200205 a 4500 | ||
|---|---|---|---|
| 005 | 20210219153537.0 | ||
| 008 | 991125n 000 0 u | ||
| 035 | _aUPN01000105652 | ||
| 222 | _aCOMUNICACION EDUCATIVA SEP | ||
| 245 | _a¿Qué es la educación inicial? | ||
| 300 | _a5 | ||
| 362 | _a1983 Año 1, no. <1=01> may. | ||
| 653 | 0 | _aEDUCACION INFANTIL | |
| 653 | 0 | _aEDUCACION PREESCOLAR | |
| 653 | 0 | _aLEXICO | |
| 653 | 0 | _aPOLITICA EDUCATIVA | |
| 653 | 0 | _aSISTEMA EDUCATIVO NACIONAL | |
| 904 |
_aAC _b043463 |
||
| 905 | _aArticulo | ||
| 999 |
_c79587 _d79587 |
||